000
00457nam a2200181Ia 4500
008
100917s9999 xx 000 0 und d
082
_b
12445
100
_a
हुमणे राजाराम
245
_a
छबिना
260
_b
परचुरे प्रकाशन
_c
1973
300
_a
111
365
_b
10
520
_a
कथा
630
_a
छबिना
650
_a
कथा
730
_a
छबिना
942
_c
BOOK
999
_c
617839
_d
617836